| 000 | 00939nas a2200301 4500 | ||
|---|---|---|---|
| 001 | BR2012003703 | ||
| 003 | BR-BrBNA | ||
| 005 | 20231205120617.0 | ||
| 007 | ta | ||
| 008 | 230509b bl.|||p| |||| 00| 00por d | ||
| 040 |
_aBR-BrBNA _bpor _cBiblioteca Nacional de Agricultura |
||
| 041 | _a(Pt) | ||
| 072 | _aQ04 | ||
| 100 | 1 | _aCarvalho, A.V. | |
| 100 | 1 | _aCavalcante, M. de A. | |
| 100 | 1 | _aSantana, C.L. | |
| 100 | 1 | _aAlves, R.M. | |
| 245 | 1 | _aCaracterísticas físicas, químicas e atividade antioxidante de frutos de matrizes de cajazeira no estado do Pará | |
| 650 | _aCAJÁ | ||
| 650 | _aPOLPA DE FRUTA | ||
| 650 | _aCOMPOSIÇÃO QUÍMICA | ||
| 650 | _aCAROTENOIDE | ||
| 650 | _aANTIOXIDANTE | ||
| 650 | _aTECNOLOGIA DE ALIMENTO | ||
| 773 | 0 |
_tAlimentos e Nutrição (Brazil) _xISSN 0103-4235 _g(Jan-Mar 2011), v. 22(1) p. 45-53 _wBR2012003703 |
|
| 909 |
_a202311 _bLúcia _c55 _dLúcia Elande |
||
| 942 |
_2AGRIS _n0 _cANA |
||
| 999 |
_c219365 _d219365 |
||